Every NFL Teams Oldest Living Head Coach - Statistics

General Stats
  • This quiz has been taken 24 times
  • The average score is 11 of 32
Answer Stats
Team Age Coach % Correct
MIA 81 Jimmy Johnson
83%
BUF 99 Marv Levy
75%
KAN 99 Marv Levy
75%
PIT 67 Bill Cowher
67%
JAX 78 Tom Coughlin
67%
NYG 83 Bill Parcells
58%
CAR 85 George Seifert
58%
CHI 85 Mike Ditka
58%
DAL 87 Barry Switzer
50%
BAL 70 Brian Billick
50%
GBP 76 Mike Holmgren
50%
SEA 87 Tom Flores
50%
LAR 88 Dick Vermeil
42%
PHI 88 Dick Vermeil
42%
DEN 77 Wade Phillips
33%
DET 88 Bobby Ross
17%
LAC 88 Bobby Ross
17%
CIN 87 Dick LeBeau
17%
IND 89 Jim Mora
17%
NOS 89 Jim Mora
17%
LVR 89 Mike White
17%
NEP 91 Raymond Berry
17%
HOU 77 Romeo Crennel
17%
CLE 93 Sam Rutigliano
17%
ARI 89 Gene Stallings
8%
ATL 86 Leeman Bennett
8%
TBB 86 Leeman Bennett
8%
MIN 78 Les Steckel
8%
NYJ 88 Lou Holtz
8%
TEN 96 Chuck Studley
0%
SFF 85 Fred O'Connor
0%
WAS 86 Richie Petitbon
0%
No matching quizzes found
Score Distribution
Percent of People with Each Score
Percentile by Number Answered
Your Score History
You have not taken this quiz